Statystyki dla Najczęściej odwiedzane strony internetowe

Kliknij tutaj aby rozwiązać quiz!

Ogólne statystyki

  • Ten quiz został rozwiązany 26 razy
  • Średni wynik to 5 z 10

Statystyki odpowiedzi

HintOdpowiedź% Poprawnych
1Google
96%
3Youtube
75%
2Facebook
71%
6Allegro
50%
8Wikipedia
50%
5Onet
46%
4Wp
42%
7Interia
33%
9Olx
33%
10Gazeta
25%

Rozkład punktacji

Percentyl według liczby udzielonych odpowiedzi

Procent ludzi z każdym wynikiem

Twoja historia wyników

Nie rozwiązałeś tego quizu